• 首页
  • 本馆介绍
  • 公告通知
  • 最新文献
  • 馆藏检索
  • 电子资源
  • 读者导购
  • 参考咨询
  • 我的图书馆
  • 登录
  • 详细信息显示
  • 放入我的书架
  • 预约/预借图书
  • 作者相关作品
  • 分类相关作品
  • 丛书相关作品
  • 出版社相关作品

书目信息

  • 表格格式
  • 工作单格式
  • 卡片格式
题名:
企业并购房地产税务规划108式
    
 
作者: 齐红雷 著
分册:  
出版信息: 北京   经济管理出版社  2019
页数: 20, 428页
开本: 24cm
丛书名:
单 册:
中图分类: F299.233 , F812.424
科图分类:
主题词: 房地产企业--企业兼并--研究--中国 , 房地产税--研究--中国
电子资源:
ISBN: 978-7-5096-6372-1
000 01543nam0 2200265 450
001 2340920828
005 20231224120630.97
010    @a978-7-5096-6372-1@dCNY98.00
100    @a20190504d2019 em y0chiy50 ea
101 0  @achi
102    @aCN@b110000
105    @ay z 000yy
200 1  @a企业并购房地产税务规划108式@Aqi ye bing gou fang di chan shui wu gui hua 108shi@d= The 108 legal practices of property tax in mergers and acquisitions@f齐红雷著@zeng
210    @a北京@c经济管理出版社@d2019
215    @a20, 428页@d24cm
314    @a齐红雷, 男, 毕业于著名高校高等数学专业, 正式从事律师职业已超过20年。
330    @a近段时间, 房地产企业拿地方式出现了很多变化, 并购重组此起彼伏。各大房企不是在并购, 就是在并购的路上。随着各地调控政策的持续深化, 房地产行业集中度进一步增加。5年内60%的地产企业或主动或被动地消亡, 并购重组会成为主旋律。房地产企业并购重组、内部架构调整中绕不开的是税收问题, 且非常复杂, 金额巨大。如何在并购重组中实现税负的最优化? 并购前如何进行税务分析与规划? 收购兼并中的巨额股权溢价如何消化? 何合作才能达到合作双方共赢的目的? 近期, 银行贷款也大幅收缩, 地产企业有何新的融资方案? 融资前期需做好哪些筹备工作, 以保证以最低的融资成本达到最佳资本结构? 这一系列融资融资问题是每家房企都需关注的重点。
510 1  @a108 legal practices of property tax in mergers and acquisitions@zeng
606 0  @a房地产企业@x企业兼并@x研究@y中国
606 0  @a房地产税@x研究@y中国
690    @aF299.233@v5
690    @aF812.424@v5
701  0 @a齐红雷@Aqi hong lei@4著
801  0 @aCN@b湖北三新@c20190504
905    @aZUCC@dF299.233@e34
    
    企业并购房地产税务规划108式= The 108 legal practices of property tax in mergers and acquisitions/齐红雷著.-北京:经济管理出版社,2019
    20, 428页;24cm
    
    
    ISBN 978-7-5096-6372-1:CNY98.00
    近段时间, 房地产企业拿地方式出现了很多变化, 并购重组此起彼伏。各大房企不是在并购, 就是在并购的路上。随着各地调控政策的持续深化, 房地产行业集中度进一步增加。5年内60%的地产企业或主动或被动地消亡, 并购重组会成为主旋律。房地产企业并购重组、内部架构调整中绕不开的是税收问题, 且非常复杂, 金额巨大。如何在并购重组中实现税负的最优化? 并购前如何进行税务分析与规划? 收购兼并中的巨额股权溢价如何消化? 何合作才能达到合作双方共赢的目的? 近期, 银行贷款也大幅收缩, 地产企业有何新的融资方案? 融资前期需做好哪些筹备工作, 以保证以最低的融资成本达到最佳资本结构? 这一系列融资融资问题是每家房企都需关注的重点。
●
相关链接 在五车中查询图书 在当当中查询图书 在豆瓣中查询图书


正题名:企业并购房地产税务规划108式     索取号:F299.233/34         预约/预借

序号 登录号 条形码 馆藏地/架位号 状态 备注
1 2001373785   2001373785   516书库/ [索取号:F299.233/34] 在馆    
2 2001373786   2001373786   516书库/ [索取号:F299.233/34] 在馆    
3 2001373787   2001373787   516书库/ [索取号:F299.233/34] 在馆    
4 2001373788   2001373788   516书库/ [索取号:F299.233/34] 在馆    
5 2001373789   2001373789   516书库/ [索取号:F299.233/34] 在馆    
6 2001373790   2001373790   516书库/ [索取号:F299.233/34] 在馆    
7 2001373791   2001373791   516书库/ [索取号:F299.233/34] 在馆    
8 2001373792   2001373792   516书库/ [索取号:F299.233/34] 在馆    
9 2001373793   2001373793   516书库/ [索取号:F299.233/34] 在馆    
10 2001373794   2001373794   516书库/ [索取号:F299.233/34] 在馆    
11 2001373795   2001373795   516书库/ [索取号:F299.233/34] 在馆    
12 2001373796   2001373796   516书库/ [索取号:F299.233/34] 在馆    
13 2001373797   2001373797   516书库/ [索取号:F299.233/34] 在馆    
14 2001373798   2001373798   516书库/ [索取号:F299.233/34] 在馆    
15 2001373799   2001373799   516书库/ [索取号:F299.233/34] 在馆    
16 2001373800   2001373800   516书库/ [索取号:F299.233/34] 在馆    
17 2001373801   2001373801   516书库/ [索取号:F299.233/34] 在馆    
18 2001373802   2001373802   516书库/ [索取号:F299.233/34] 在馆    
19 2001373803   2001373803   516书库/ [索取号:F299.233/34] 在馆    
20 2001373804   2001373804   516书库/ [索取号:F299.233/34] 在馆    
21 2001373805   2001373805   516书库/ [索取号:F299.233/34] 在馆    
22 2001373806   2001373806   516书库/ [索取号:F299.233/34] 在馆    
23 2001373807   2001373807   516书库/ [索取号:F299.233/34] 在馆    
24 2001373808   2001373808   516书库/ [索取号:F299.233/34] 在馆    
25 2001373809   2001373809   516书库/ [索取号:F299.233/34] 在馆    
26 2001373810   2001373810   516书库/ [索取号:F299.233/34] 在馆    
27 2001373811   2001373811   516书库/ [索取号:F299.233/34] 在馆    
28 2001373812   2001373812   516书库/ [索取号:F299.233/34] 在馆    
29 2001373813   2001373813   516书库/ [索取号:F299.233/34] 在馆    
30 2001373814   2001373814   516书库/ [索取号:F299.233/34] 在馆    
山东省滨州职业学院图书馆 欢迎您!
大连网信软件有限公司© 版权所有